LEADER 01292nam a2200325 u 4500 001 000000033143 003 CaOOAMICUS 005 20070226112330.0 008 971028s1977 fr u000 u fre u 020 $a2204011258 035 $a10774637 040 $aPUL$bita 041 1 $afre$hger 100 1 $aHengel, Martin,$d1926-$0(OLS)http://pul/name/6030 240 10$aSohn Gottes.$lFrancese.$0(OLS)http://pul/title/45649 245 10$aJésus, fils de Dieu /$cMartin Hengel ; traduit de l'allemand par A. Liefooghe. 260 $aParis :$bCerf,$c1977. 300 $a150 p. ;$c22 cm 490 1 $aLectio divina ;$v94 700 1 $aLiefooghe, A.$0(OLS)http://pul/name/12003 830 0$aLectio divina ;$v94.$0(OLS)http://pul/title/3461 850 $aPUL 852 $aPUL$W1$xSL Religione 1$y3$m9 I 94$j45552$nBK-PRI$b $qStampati$B45552$CPULBib$Z2$F45552 $H $81 852 $aPUL$W1$xDP1 Fondo Bordoni$y120$m3 D 24.94$j172364$qFondi$B174014$CPULBib$Z2$F174014 $HBor1295 $81 941 1 $a1 941 1 $a8 961 $aINV: 46971 996 $6020$a2204011258$9(OLS)http://pul/number/41690 996 $6245$aJésus, fils de Dieu$9(OLS)http://pul/title/45650 996 $6260$aParis :$bCerf$9(OLS)http://pul/publisher/48238 LEADER 01328nam a2200277 u 4500 001 000000113826 003 CaOOAMICUS 005 20081110131407.0 008 081110s2007 enk u000 u eng r 020 $z978-0-19-923005-1* 040 $aPUL$bita$dLDB 245 00$aTrajectories through the New Testament and the apostolic Fathers /$cedited by Andrew Gregory, Christopher M. Tuckett. 260 $aOxford :$bOxford University Press,$c2007. 300 $axvii, 506 p. ;$c24 cm 500 $aBibliografia : p. [433]-465. 500 $aIn testa alla cop. : The New Testament and the apostolic Fathers. 630 04$aBiblia$xCritica e interpretazione.$0(OLS)http://pul/subject/2023 650 14$aPadri apostolici.$0(OLS)http://pul/subject/4455 700 1 $aTuckett, C. M.$q(Christopher Mark).$0(OLS)http://pul/name/9796 700 1 $aGregory, Andrew,$d1971-$0(OLS)http://pul/name/52127 850 $aPUL 852 $aPUL$W1$xSL Religione 3$y85$m225. 6 GREAN 1$j130028$qDDC 21$B129105$CPULBib$Z2$F129105 $H108737 $82 941 1 $a9 996 $6020$z978-0-19-923005-1*$9(OLS)http://pul/number/139135 996 $6245$aTrajectories through the New Testament and the apostolic Fathers$9(OLS)http://pul/title/143038 996 $6260$aOxford :$bOxford University Press$9(OLS)http://pul/publisher/48013 LEADER 01313nam a2200277 u 4500 001 000000113827 003 CaOOAMICUS 005 20081110131756.0 008 081110s2007 enk u000 u eng r 020 $z978-0-923007-5* 040 $aPUL$bita$dLDB 245 04$aThe reception of the New Testament in the apostolic Fathers /$cedited by Andrew Gregory, Christopher M. Tuckett. 260 $aOxford :$bOxford University Press,$c2007. 300 $axiii, 375 p. ;$c24 cm 500 $aBibliografia : p. [331]-346. 500 $aIn testa alla cop. : The New Testament and the apostolic Fathers. 630 04$aBiblia$xCritica e interpretazione.$0(OLS)http://pul/subject/2023 650 14$aPadri apostolici.$0(OLS)http://pul/subject/4455 700 1 $aTuckett, C. M.$q(Christopher Mark).$0(OLS)http://pul/name/9796 700 1 $aGregory, Andrew,$d1971-$0(OLS)http://pul/name/52127 850 $aPUL 852 $aPUL$W1$xSL Religione 3$y85$m225. 09 GREAN 1$j130029$qDDC 21$B129106$CPULBib$Z2$F129106 $H108738 $82 941 1 $a9 996 $6020$z978-0-923007-5*$9(OLS)http://pul/number/139136 996 $6245$aThe reception of the New Testament in the apostolic Fathers$9(OLS)http://pul/title/143039 996 $6260$aOxford :$bOxford University Press$9(OLS)http://pul/publisher/48013